000 00698nam a22002417a 4500
003 UA-OsUOA
001 28969
007 ta
008 20050518b un ||||| |||| 00| 0 ukr d
090 _a346.26(477)(094.9)
_bП11
942 _cBK
040 _aUA-OsUOA
_bukr
_cUA-OsUOA
_dUA-OsUOA
245 _aПідриємницьке право
_bЗбірник нормативно-правових актів: Станом на 1 вересня 2004 р.
_cУпор. В. О.Кузнєцов
300 _a1273 с.
955 _a0
041 _aukr
080 _a346.26(477)(094.9)
020 _a966-8365-930-3
260 _aК.
_bЦНЛ
_c2004
044 _aUA
650 7 _2UDC
999 _c315346
_d315346